000 00687nam a2200217Ii 4500
003 JO-AjNU
008 230605s9999||||xx |||||||||||||| ||und||
017 _a1991/4/206
040 _aJO-AjNU
_bara
_erda
_cJO-AjNU
041 _aara
050 1 4 _aLB1596.J6.I34 1991
100 3 _aعليمات،محمد عليان,
_eauthor
_915230
245 0 0 _aالإتجاهات الحديثة في التعليم والتدريب والإدارة
250 _aط1
264 3 1 _aعمان:دار الخواجا،1991
300 _a152ص
336 _atext
_btxt
_2rdacontent
337 _aunmediated
_bn
_2rdamedia
338 _avolume
_bnc
_2rdacarrier
650 4 _aتدريس-أساليب
_915231
999 _aA4252
_c7820
_d7820